Statistics for Fifa 22 Moments Icons With 5 Star Skills

Click here to take the quiz!

General Stats

  • This quiz has been taken 42 times
  • The average score is 9 of 15

Answer Stats

RatingPlayer% Correct
99Pele
97%
97Ronaldo
97%
98Diego Maradona
91%
95Ronaldinho
91%
97Zinedine Zidane
73%
95Garrincha
67%
95Johan Cruyff
64%
95Ferenc Puskas
61%
92Kaka
55%
94Eric Cantona
42%
91Jay Jay Okocha
33%
94Roberto Baggio
33%
93Andrea Pirlo
27%
93Riquelme
21%
92Gheorghe Hagi
18%

Score Distribution

Percentile by Number Answered

Percent of People with Each Score

Your Score History

You have not taken this quiz